| 000 | 01832nam a22002777a 4500 | ||
|---|---|---|---|
| 003 | UA-OsUOA | ||
| 001 | 127621 | ||
| 007 | ta | ||
| 008 | 20171207b un ||||| |||| 00| 0 ukr d | ||
| 090 |
_a004 _bП78 |
||
| 942 | _cMG | ||
| 040 |
_aUA-OsUOA _bukr _cUA-OsUOA _dUA-OsUOA |
||
| 245 |
_aПроблеми програмування _bНауковий журнал. Засновник: Національна академія наук України, Інститут програмних систем НАН України _cГол. ред. Андон П. І. |
||
| 955 | _a1 | ||
| 041 | _aukr | ||
| 080 | _a004 | ||
| 022 | _a1727-4907 | ||
| 856 | 4 | 0 | _uhttp://dspace.nbuv.gov.ua/handle/123456789/177 |
| 520 | 3 | _aЗаснування журналу обумовлено потребою всебічного сприяння розвитку та координації наукових досліджень в галузі програмування. Основним завданням журналу є публікація оригінальних та оглядових праць з питань програмування для спеціалістів академічних і | |
| 520 | 3 | _aгалузевих інститутів, інших фахівців, що працюють в галузі програмування. Журнал "Проблеми програмування" занесено до переліку наукових видань Вищої атестаційної комісії України, в яких можуть публікуватися основні результати дисертаційних робіт. | |
| 260 | _aК. | ||
| 044 | _aUA | ||
| 962 | _a1999 | ||
| 099 | _a90853 | ||
| 650 | 7 |
_a00 Загальні питання науки і культури _2UDC |
|
| 999 |
_c408802 _d408802 |
||